00382pab a2200133 454500008004000000100002100040245004300061260000900104300001300113362001000126650004400136650003600180773003200216180718b2015 xxu||||| |||| 00| 0 eng d aBardhan , Pranab aReflection on Indian political economy c2015 ap.14-17. a2 May aEconomic and social development - India aEconomic and social development aEconomic & Political Weekly